| 000 | 00734nam a22001937a 4500 | ||
|---|---|---|---|
| 999 |
_c177896 _d177896 |
||
| 005 | 20210309172528.0 | ||
| 010 | _aENG-129184 | ||
| 020 |
_c895.00 _a978-93-90095-13-1 |
||
| 035 | _aEN-112716 | ||
| 037 | _bDBAD/PUB | ||
| 082 | _a338.954 | ||
| 100 | _aBhutani, Rajeev | ||
| 245 |
_aAatma Nirbhar Bharat (Self-Reliant India): Challenges and Opportunities/ _cRajeev Bhutani |
||
| 260 |
_aNew Delhi _bPentagon Press LLP _c2020 |
||
| 270 |
_bNew Delhi _e110049 _a206, Peacock Lane, Shahpur Jat _k011-64706243, 26491568 _mrajan@pentagonpress.in |
||
| 300 |
_axvi+198p. _c24cm(hbk) _bIncluding illustrations, bibliographical references and index. |
||
| 500 | _aForward by Vinod Bhatia | ||
| 942 |
_2ddc _cEN _h338.954 _mBHU |
||